LEADER 04021nam 22007815 450 001 996465273003316 005 20200705161752.0 010 $a3-642-21028-7 024 7 $a10.1007/978-3-642-21028-0 035 $a(CKB)2670000000083938 035 $a(SSID)ssj0000536950 035 $a(PQKBManifestationID)11362107 035 $a(PQKBTitleCode)TC0000536950 035 $a(PQKBWorkID)10550912 035 $a(PQKB)11748340 035 $a(DE-He213)978-3-642-21028-0 035 $a(MiAaPQ)EBC3066750 035 $a(PPN)153860413 035 $a(EXLCZ)992670000000083938 100 $a20110520d2011 u| 0 101 0 $aeng 135 $aurnn|008mamaa 181 $ctxt 182 $cc 183 $acr 200 10$aFunctional Imaging and Modeling of the Heart$b[electronic resource] $e6th International Conference, FIMH 2011, New York City, NY, USA, May 25-27, 2011, Proceedings /$fedited by Dimitris N. Metaxas, Leon Axel 205 $a1st ed. 2011. 210 1$aBerlin, Heidelberg :$cSpringer Berlin Heidelberg :$cImprint: Springer,$d2011. 215 $a1 online resource (XIII, 439 p. 218 illus., 189 illus. in color.) 225 1 $aImage Processing, Computer Vision, Pattern Recognition, and Graphics ;$v6666 300 $aBibliographic Level Mode of Issuance: Monograph 311 $a3-642-21027-9 320 $aIncludes bibliographical references and index. 330 $aThis book constitutes the proceedings of the 6th International Conference on Functional Imaging and Modeling of the Heart, held in New York City, NY, USA in May 2011. The 24 revised full papers presented together with 29 revised poster papers were carefully reviewed and selected from about 120 initial submissions. The contributions feature current research and development efforts in the fields of cardiovascular modeling, physiology, and image-based analysis, at a range of scales and imaging methods. Topics addresses are such as imaging, signal and image processing, applied mathematics, biomedical engineering and computer science; biologically oriented fields such as cardiac physiology and biology; as well as clinical issues such as cardiology, radiology and surgery, with a common interest in the heart. 410 0$aImage Processing, Computer Vision, Pattern Recognition, and Graphics ;$v6666 606 $aOptical data processing 606 $aComputer simulation 606 $aBioinformatics 606 $aComputer graphics 606 $aCardiology 606 $aRadiology 606 $aImage Processing and Computer Vision$3https://scigraph.springernature.com/ontologies/product-market-codes/I22021 606 $aSimulation and Modeling$3https://scigraph.springernature.com/ontologies/product-market-codes/I19000 606 $aComputational Biology/Bioinformatics$3https://scigraph.springernature.com/ontologies/product-market-codes/I23050 606 $aComputer Graphics$3https://scigraph.springernature.com/ontologies/product-market-codes/I22013 606 $aCardiology$3https://scigraph.springernature.com/ontologies/product-market-codes/H33037 606 $aImaging / Radiology$3https://scigraph.springernature.com/ontologies/product-market-codes/H29005 615 0$aOptical data processing. 615 0$aComputer simulation. 615 0$aBioinformatics. 615 0$aComputer graphics. 615 0$aCardiology. 615 0$aRadiology. 615 14$aImage Processing and Computer Vision. 615 24$aSimulation and Modeling. 615 24$aComputational Biology/Bioinformatics. 615 24$aComputer Graphics. 615 24$aCardiology. 615 24$aImaging / Radiology. 676 $a006.6 676 $a006.37 702 $aMetaxas$b Dimitris N$4edt$4http://id.loc.gov/vocabulary/relators/edt 702 $aAxel$b Leon$4edt$4http://id.loc.gov/vocabulary/relators/edt 712 12$aFIMH 2011 906 $aBOOK 912 $a996465273003316 996 $aFunctional Imaging and Modeling of the Heart$9772220 997 $aUNISA LEADER 02632oas 2201069 a 450 001 9910393356003321 005 20251121213018.0 011 $a1552-3829 035 $a(DE-599)ZDB1494061-9 035 $a(OCoLC)38584641 035 $a(CONSER) 2004215760 035 $a(CKB)954925392320 035 $a(EXLCZ)99954925392320 100 $a19980311a19689999 sy a 101 0 $aeng 135 $aurmnu|||||||| 181 $ctxt$2rdacontent 182 $cc$2rdamedia 183 $acr$2rdacarrier 200 10$aComparative political studies 210 $aThousand Oaks, CA $cSage Publications 215 $a1 online resource 300 $aRefereed/Peer-reviewed 311 08$a0010-4140 517 1 $aCPS 606 $aPolitical science$vPeriodicals 606 $aScience politique$vPe?riodiques 606 $aPolitical science$2fast$3(OCoLC)fst01069781 606 $aVergleichende politische Wissenschaft$2gnd 606 $aZeitschrift$2gnd 606 $aOnline-Ressource$2gnd 606 $aVergelijkende politicologie$2gtt 606 $aCiències polítiques$2thub 606 $aRelacions internacionals$2thub 606 $aPOLITICAL SCIENCE$2unbist 608 $aPeriodicals.$2fast 608 $aPeriodicals.$2lcgft 608 $aRevistes electròniques.$2thub 615 0$aPolitical science 615 6$aScience politique 615 7$aPolitical science. 615 7$aVergleichende politische Wissenschaft 615 7$aZeitschrift. 615 7$aOnline-Ressource 615 17$aVergelijkende politicologie. 615 7$aCiències polítiques. 615 7$aRelacions internacionals. 615 7$aPOLITICAL SCIENCE. 676 $a320 801 0$bFGA 801 1$bFGA 801 2$bOCL 801 2$bUV$ 801 2$bOCLCQ 801 2$bNSD 801 2$bOCLCQ 801 2$bNYDWH 801 2$bCIT 801 2$bKSU 801 2$bOCLCQ 801 2$bOCLCF 801 2$bOCLCO 801 2$bOCLCQ 801 2$bDEFHM 801 2$bOCLCO 801 2$bOCLCQ 801 2$bOCLCA 801 2$bDLC 801 2$bOCLCQ 801 2$bUEJ 801 2$bRCE 801 2$bAU@ 801 2$bUKMGB 801 2$bCGU 801 2$bVT2 801 2$bOCLCE 801 2$bUAB 801 2$bFIE 801 2$bDLC 801 2$bOCLCO 801 2$bTXQ 801 2$bOCLCQ 801 2$bIOY 801 2$bAUD 801 2$bUBY 801 2$bOCLCA 801 2$bOCLCQ 801 2$bSXB 906 $aJOURNAL 912 $a9910393356003321 996 $aComparative political studies$9977396 997 $aUNINA